000 00292nam a22001337a 4500
008 170731b xxu||||| |||| 00| 0 eng d
020 _a9780672227363
041 _aeng
080 _22ND
_a004
100 _a32
101 _aSHK
245 _aMICROSOFT C BIBLE
_cBARKATTI,N
942 _2udc
_cBK
999 _c22288
_d22288